LEADER 01028nam a2200253 i 4500 001 000000031922 003 CaOOAMICUS 005 20180830125449.0 008 180830s1834 it u000 u ita u 040 $aSeMil$bita 100 1 $aBourdaloue, Louis,$c.$0(OLS)http://semarc/name/5823 245 10$aSermoni /$cdel padre L. Bourdaloue ; nuova traduzione italiana di Angelo Peri. 260 $aCremona :$bpresso Luigi De Micheli,$c1834-1835. 300 $a6 v. ;$c17 cm. 700 1 $aPeri, Angelo.$0(OLS)http://semarc/name/14724 773 0 $aBourdaloue, Louis $tOpere complete di Bourdaloue.$dCremona : presso Luigi De Micheli, 1833-1838.$w()31918 774 0 $tVol. 1.$g1$w()241987 774 0 $tVol. 2.$g2$w()241988 774 0 $tVol. 3.$g3$w()241989 774 0 $tVol. 4.$g4$w()241990 774 0 $tVol. 5.$g5$w()241991 774 0 $tVol. 6.$g6$w()241992 996 $6245$aSermoni$9(OLS)http://semarc/title/2425 996 $6260$aCremona :$bpresso Luigi De Micheli$9(OLS)http://semarc/publisher/39079 LEADER 00986nam a2200241 i 4500 001 000000105129 003 CaOOAMICUS 005 20020207000000.0 008 020207s1966 be u000 u lat u 013 $a77318 040 $aSeMil$bita 100 1 $aPrudentius Clemens, Aurelius,$d<348-ca. 405>.$0(OLS)http://semarc/name/9095 245 10$aCarmina /$cAurelii Prudentii Clementis ; cura et studio Mauricii P. Cunningham. 260 $aTurnholti :$bBrepols,$c1966. 300 $aL, 430 p. 490 0 $aCorpus Christianorum. Series Latina ;$v126. 700 1 $aCunningham, Mauricius P.$0(OLS)http://semarc/name/44358 830 0$aCorpus Christianorum. Series Latina ;$v126.$0(OLS)http://semarc/title/37 850 $aSeMil 852 $aSeMil$W1$xVenegono$y1$mSL2.J II 126$j61399$B61399$CSeMilBibl$Z2$F70758 $8I 961 $aSottoscrizione: Brepols 996 $6245$aCarmina$9(OLS)http://semarc/title/152247 996 $6260$aTurnholti :$bBrepols$9(OLS)http://semarc/publisher/29625